| 000 | nam a22 7a 4500 | ||
|---|---|---|---|
| 999 |
_c17004 _d17004 |
||
| 003 | OSt | ||
| 005 | 20190403020053.0 | ||
| 008 | 161118b xxu||||| |||| 00| 0 eng d | ||
| 020 | _a9789966462138 | ||
| 040 | _aMU | ||
| 041 | _aSwahili | ||
| 050 |
_aPL 8704 _b.M3M53 |
||
| 100 | _aMkangi, Katama | ||
| 245 |
_aMafuta / _cKatama G.C. Mkangi |
||
| 260 |
_aNairobi : _bEAEP, _c2010 |
||
| 300 | _a92 p. | ||
| 440 | _aWaandishi wa Kiafrika | ||
| 650 |
_aKiswahili _xHadithi |
||
| 942 |
_2lcc _cAFRICANA _hPL 8704 .M3M53 _05 |
||